On the trail of Moses: (Record no. 3724)

000 -LEADER
fixed length control field 00619nam a2200193 a 4500
001 - CONTROL NUMBER
control field :::00001456$&:&@@
003 - CONTROL NUMBER IDENTIFIER
control field OkBaRHE
005 - DATE AND TIME OF LATEST TRANSACTION
control field 20000607103243.0
008 - FIXED-LENGTH DATA ELEMENTS--GENERAL INFORMATION
fixed length control field s1903 j 000 0 eng u
040 ## - CATALOGING SOURCE
Transcribing agency
100 1# - MAIN ENTRY--PERSONAL NAME
Personal name Banks, Louis Albert, 1855-1933.
245 10 - TITLE STATEMENT
Title On the trail of Moses:
Remainder of title a series of revival sermons.
260 ## - PUBLICATION, DISTRIBUTION, ETC. (IMPRINT)
Place of publication, distribution, etc New York, NY., :
Name of publisher, distributor, etc Funk & Wagnalls Co.
Date of publication, distribution, etc c1903
300 ## - PHYSICAL DESCRIPTION
Extent 297 p. ;
Dimensions 20 cm.
650 ## - SUBJECT ADDED ENTRY--TOPICAL TERM
Topical term or geographic name as entry element Evangelistic Sermons
650 ## - SUBJECT ADDED ENTRY--TOPICAL TERM
Topical term or geographic name as entry element Moses, the Patriarch
942 ## - ADDED ENTRY ELEMENTS (KOHA)
Source of classification or shelving scheme
Koha item type Books
Copies
Barcode Lost status Damaged status Not for loan Source of classification or shelving scheme Koha item type Date last seen Price effective from Copy number Permanent Location Date acquired Full call number Shelving location Withdrawn status
1456    Books2010-04-142010-04-141RHEMA Bible Training College2010-04-14BS 580 .M6B28General Stacks